000 00423pab a2200157 454500
008 180718b1988 xxu||||| |||| 00| 0 eng d
100 _aLewis, Gregory B.
245 _aImpact of the baby boom on career success in federal civil service
260 _c1988
300 _a951-6
362 _aNov.-Dec.
650 _aCivil Service - U.S.A.
700 _aMeesuny Ha
773 _aPublic Administration Review
909 _a5859
999 _c5859
_d5859